书目信息 |
| 题名: |
防水工长便携手册
|
|
| 作者: | 陈雁 , 李国年 , 刘淑兰 编 | |
| 分册: | ||
| 出版信息: | 北京 机械工业出版社 2005.01 |
|
| 页数: | 186页 | |
| 开本: | 17cm | |
| 丛书名: | 建筑工程工长便携手册 | |
| 单 册: | ||
| 中图分类: | TU761.1-62 | |
| 科图分类: | ||
| 主题词: | 建筑防水--工程施工--技术手册 | |
| 电子资源: | ||
| ISBN: | 7-111-15596-3 | |
| 000 | 01004nam 2200277 450 | |
| 001 | 010238262112 | |
| 005 | 20051025085653.58 | |
| 010 | @a7-111-15596-3@dCNY10.00 | |
| 100 | @a20050916d2005 km y0chiy0121 ea | |
| 101 | 0 | @achi |
| 102 | @aCN@b110000 | |
| 105 | @aa a 000yy | |
| 200 | 1 | @a防水工长便携手册@Afang shui gong chang bian xie shou ce@f陈雁, 李国年, 刘淑兰编@Fchen yan,li guo nian,liu shu lan bian |
| 210 | @a北京@c机械工业出版社@d2005.01 | |
| 215 | @a186页@c图@d17cm | |
| 225 | 2 | @a建筑工程工长便携手册 |
| 320 | @a有书目。 | |
| 330 | @a本书依据国家标准规范,按施工管理、施工操作技术、施工质量控制、分项工程工料计算的顺序,简要介绍防水工长应掌握的管理业务、施工技术、质量控制等方面的知识。 | |
| 410 | 0 | @12001 @a建筑工程工长便携手册 |
| 606 | 0 | @a建筑防水@x工程施工@x技术手册 |
| 690 | @aTU761.1-62@v4 | |
| 701 | 0 | @a陈雁@Achen yan@4编 |
| 701 | 0 | @a李国年@Ali guo nian@4编 |
| 701 | 0 | @a刘淑兰@Aliu shu lan@4编 |
| 801 | 0 | @aCN@bQSSK@c20051025 |
| 905 | @a10447@dTU761.1-62@eC635 | |
| 防水工长便携手册/陈雁, 李国年, 刘淑兰编.-北京:机械工业出版社,2005.01 |
| 186页:图;17cm.-(建筑工程工长便携手册) |
| ISBN 7-111-15596-3:CNY10.00 |
| 本书依据国家标准规范,按施工管理、施工操作技术、施工质量控制、分项工程工料计算的顺序,简要介绍防水工长应掌握的管理业务、施工技术、质量控制等方面的知识。 |
| ● |
| 相关链接 |
|
|
|
正题名:防水工长便携手册
索取号:TU761.1-62/C635
 
预约/预借
| 序号 | 登录号 | 条形码 | 馆藏地/架位号 | 状态 | 备注 |
| 1 | 571567 | 205715671 | 建筑库201/201建筑库 45排2列2层/ [索取号:TU761.1-62/C635] | 在馆 | |
| 2 | 571568 | 205715680 | 建筑库201/201建筑库 45排2列2层/ [索取号:TU761.1-62/C635] | 在馆 | |
| 3 | 571569 | 205715699 | 建筑库201/201建筑库 45排2列2层/ [索取号:TU761.1-62/C635] | 在馆 |